[Event "AUTO-INT-159"]
[Site "http://www.queenalice.com/game.php?id=102809"]
[Date "2006.9.5"]
[Round "1"]
[White "selaujo"]
[Black "mike23"]
[Result "1-0"]
[WhiteElo "1416"]
[BlackElo "1284"]

1. e4 e5 2. b3 Qf6 3. Nf3 a5 4. Ba3 h5 5. Nc3 Bxa3 6. Bb5 Qf4 7. O-O Rh6 8. Qe1
Rg6 9. d4 Qg4 10. g3 Qh3 11. Kh1 c6 12. Rg1 exd4 13. Nxd4 h4 14. Rg2 hxg3 15.
fxg3 cxb5 16. Ndxb5 d5 17. Nxd5 Bg4 18. Rd1 Bf3 19. Ndc7+ 1-0

[Event "AUTO-INT-159"]
[Site "http://www.queenalice.com/game.php?id=102810"]
[Date "2006.9.5"]
[Round "1"]
[White "mike23"]
[Black "joaoreis001"]
[Result "0-1"]
[WhiteElo "1348"]
[BlackElo "1683"]

1. e4 e5 2. Qf3 Nc6 3. Bc4 Nf6 4. Qf5 g6 5. Qxe5+ Nxe5 6. Bb3 Bc5 7. Nf3 Nxf3+
8. gxf3 h5 9. h4 O-O 10. Rh3 d5 11. d3 Bxh3 12. exd5 Qe7+ 13. Kd2 Bxf2 14. a4
Qe1# 0-1

[Event "AUTO-INT-159"]
[Site "http://www.queenalice.com/game.php?id=102811"]
[Date "2006.9.5"]
[Round "1"]
[White "joaoreis001"]
[Black "mike23"]
[Result "1-0"]
[WhiteElo "1641"]
[BlackElo "1345"]

1. Nf3 Nf6 2. g3 Nc6 3. Bg2 Nb4 4. Ne5 d5 5. d4 Qd6 6. c3 Ne4 7. Bf4 Bg4 8. Nxg4
Qb6 9. f3 Nf6 10. Nxf6+ exf6 11. cxb4 Qxb4+ 12. Qd2 Qc4 13. O-O Bb4 14. Nc3 c5
15. dxc5 Rd8 16. Qe3+ Kf8 17. Na4 d4 18. Bd6+ Kg8 19. Qd3 Qxd3 20. exd3 b5 21.
a3 Bd2 22. Rad1 Be3+ 23. Kh1 g5 24. Be7 1-0

[Event "AUTO-INT-159"]
[Site "http://www.queenalice.com/game.php?id=102812"]
[Date "2006.9.5"]
[Round "1"]
[White "mike23"]
[Black "fianchetto"]
[Result "0-1"]
[WhiteElo "1273"]
[BlackElo "1388"]

1. e4 e5 2. Qf3 Nf6 3. h4 Bc5 4. Bc4 d6 5. d4 Bxd4 6. c3 Bg4 7. Qd3 Bb6 8. f3
Bd7 9. Bb3 Nc6 10. Nh3 Nh5 11. g4 Qxh4+ 12. Nf2 Bxf2+ 13. Ke2 Nf4+ 0-1

[Event "AUTO-INT-159"]
[Site "http://www.queenalice.com/game.php?id=102813"]
[Date "2006.9.5"]
[Round "1"]
[White "fianchetto"]
[Black "mike23"]
[Result "1-0"]
[WhiteElo "1399"]
[BlackElo "1262"]

1. e4 e5 2. f4 Bc5 3. Nf3 Qf6 4. fxe5 Qf4 5. d4 Qxe4+ 6. Be2 Bxd4 7. Qxd4 Qxc2
8. Nc3 Nc6 9. Qd3 Qxd3 10. Bxd3 Nb4 11. Be4 d6 12. exd6 cxd6 13. O-O 1-0

[Event "Challenge"]
[Site "http://www.queenalice.com/game.php?id=105280"]
[Date "2006.9.12"]
[Round "-"]
[White "mike23"]
[Black "prmntgen"]
[Result "0-1"]
[WhiteElo "1374"]
[BlackElo "1517"]

1. e4 e5 2. Bc4 Nf6 3. h4 Bc5 4. Rh3 O-O 5. h5 h6 6. Rg3 Nxe4 7. Rd3 Nxf2 8. Qf3
Qh4 9. Re3 Nd3+ 10. Ke2 Nf4+ 11. Kf1 Bxe3 12. Qxe3 Re8 13. Qc5 d6 14. Qf2 Qxf2+
15. Kxf2 Bg4 16. Nc3 Nc6 17. Nb5 Re7 18. g3 Nxh5 19. Ne2 Nd4 20. Nec3 Rae8 21.
Nd5 Rd7 22. c3 Nxb5 23. Bxb5 c6 24. Nf6+ Nxf6 25. d3 cxb5 26. Be3 b6 27. c4 e4
28. dxe4 Nxe4+ 29. Kg2 bxc4 30. Bd4 Rde7 31. Rc1 b5 32. b4 a5 33. bxa5 Ra8 34.
Bb6 Ng5 35. Rd1 Re2+ 36. Kf1 Rh2 37. Rxd6 Re8 38. a6 Ree2 39. Kg1 Nf3+ 40. Kf1
Bh3# 0-1

[Event "AUTO-OPEN-393"]
[Site "http://www.queenalice.com/game.php?id=107844"]
[Date "2006.9.19"]
[Round "1"]
[White "mike23"]
[Black "VypeR"]
[Result "0-1"]
[WhiteElo "1295"]
[BlackElo "1641"]

1. e4 e5 2. Qf3 d6 3. Bc4 Be6 4. Bb5+ Nc6 5. Nh3 Nf6 6. Ng5 h6 7. a4 hxg5 8. g4
Bxg4 9. Qc3 Bd7 10. Rg1 Nxe4 11. Qe3 Nf6 12. Rxg5 Rxh2 13. Qg3 Rh1+ 14. Ke2 Rxc1
15. c4 Ne4 16. Qf3 Nxg5 17. Qh5 Nd4+ 18. Kd3 Nb3 19. Ra3 Nc5+ 20. Ke3 Re1+ 21.
Qe2 Rxe2+ 22. Kxe2 Bxb5 23. cxb5 g6 24. Rc3 Nxa4 25. Rc4 Nxb2 0-1

[Event "AUTO-OPEN-393"]
[Site "http://www.queenalice.com/game.php?id=107845"]
[Date "2006.9.19"]
[Round "1"]
[White "VypeR"]
[Black "mike23"]
[Result "1-0"]
[WhiteElo "1639"]
[BlackElo "1297"]

1. e4 e5 2. Nf3 Nf6 3. Nc3 Nc6 4. g3 g6 5. Bg2 Bg7 6. O-O O-O 7. d4 exd4 8. Nxd4
Nb4 9. Bd2 a5 10. e5 Ng4 11. Qxg4 Nxc2 12. Nxc2 Ra6 13. Bg5 Qe8 14. Rae1 d6 15.
Qc4 Bxe5 16. Qxc7 Bf5 17. Be7 Bxc2 18. Bxf8 Bd3 19. Ne2 Qxf8 20. Qxb7 Ra8 21.
Qb6 Rb8 22. Qxa5 Bxb2 23. Qd5 Bc2 24. Nd4 Qc8 25. Qxd6 f5 26. Qd5+ 1-0

[Event "AUTO-OPEN-393"]
[Site "http://www.queenalice.com/game.php?id=107846"]
[Date "2006.9.19"]
[Round "1"]
[White "mike23"]
[Black "elpiada"]
[Result "0-1"]
[WhiteElo "1331"]
[BlackElo "1408"]

1. e4 Nf6 2. Nf3 Nxe4 3. h4 Nc6 4. Rh3 e5 5. Bc4 d6 6. Ng1 Bxh3 7. Nxh3 Qxh4 8.
Qf3 O-O-O 9. g3 Qxh3 10. Qxf7 Nd4 11. Kd1 Qh1+ 12. Bf1 Qxf1# 0-1

[Event "AUTO-OPEN-393"]
[Site "http://www.queenalice.com/game.php?id=107847"]
[Date "2006.9.19"]
[Round "1"]
[White "elpiada"]
[Black "mike23"]
[Result "1-0"]
[WhiteElo "1396"]
[BlackElo "1284"]

1. e4 e5 2. Nf3 Nc6 3. d4 exd4 4. Nxd4 h5 5. Bc4 Nxd4 6. Qxd4 Rh6 7. Bxh6 gxh6
8. Qe5+ Qe7 9. Bxf7+ Kd8 10. Qxe7+ Bxe7 11. Bxg8 a5 12. O-O Ra6 13. Nc3 Rd6 14.
Nb5 1-0

[Event "AUTO-OPEN-399"]
[Site "http://www.queenalice.com/game.php?id=109804"]
[Date "2006.9.25"]
[Round "1"]
[White "mike23"]
[Black "topalov"]
[Result "0-1"]
[WhiteElo "1251"]
[BlackElo "1469"]

1. e4 g6 2. Qf3 Bg7 3. Bc4 e6 4. h4 Nc6 5. Rh3 Ne5 6. Qc3 d5 7. Bb5+ c6 8. Ba4
d4 9. Qc5 Qb6 10. Qd6 Nc4 11. b3 Nxd6 0-1

[Event "AUTO-OPEN-399"]
[Site "http://www.queenalice.com/game.php?id=109805"]
[Date "2006.9.25"]
[Round "1"]
[White "topalov"]
[Black "mike23"]
[Result "1-0"]
[WhiteElo "1479"]
[BlackElo "1251"]

1. d4 c5 2. dxc5 Qa5+ 3. Nc3 Qxc5 4. Qd5 Qb4 5. a3 Qb6 6. Qb5 Qd4 7. Nf3 Qf6 8.
Bg5 Qe6 9. e3 a6 10. Qd5 Qf5 11. Qxf5 1-0

[Event "AUTO-OPEN-399"]
[Site "http://www.queenalice.com/game.php?id=109806"]
[Date "2006.9.25"]
[Round "1"]
[White "mike23"]
[Black "Alcar"]
[Result "0-1"]
[WhiteElo "1339"]
[BlackElo "1638"]

1. e4 c5 2. Bc4 e6 3. h4 Nf6 4. Rh3 Nxe4 5. Qh5 g6 6. Qg4 Nf6 7. Qf3 Bg7 8. Nc3
O-O 9. g4 d5 10. Bb5 Bd7 11. Bxd7 Nbxd7 12. g5 Nh5 13. d3 Nb6 14. Nb5 a6 0-1

[Event "AUTO-OPEN-399"]
[Site "http://www.queenalice.com/game.php?id=109807"]
[Date "2006.9.25"]
[Round "1"]
[White "Alcar"]
[Black "mike23"]
[Result "1-0"]
[WhiteElo "1642"]
[BlackElo "1335"]

1. d4 e5 2. dxe5 Bc5 3. e3 h5 4. Nf3 Rh6 5. Nc3 g5 6. Bc4 g4 7. Nd2 Nc6 8. Nde4
Nxe5 9. Bb3 d5 10. Nxc5 b6 11. Nd3 d4 12. Ne4 dxe3 13. Bxe3 c5 14. Nxe5 Bf5 15.
Ng3 1-0

[Event "AUTO-OPEN-399"]
[Site "http://www.queenalice.com/game.php?id=109808"]
[Date "2006.9.25"]
[Round "1"]
[White "mike23"]
[Black "reginaldox"]
[Result "0-1"]
[WhiteElo "1341"]
[BlackElo "1731"]

1. e4 c5 2. Qf3 Nc6 3. Bc4 e6 4. a4 g6 5. Ra3 Bg7 6. Qf4 d5 7. Rf3 Qe7 8. Ba2
Nd4 9. Re3 Nxc2+ 10. Ke2 Nxe3 11. Qxe3 d4 12. Qf3 e5 13. g4 Nf6 14. g5 Bg4 15.
Qxg4 Nxg4 16. Nf3 Rd8 17. h3 d3+ 18. Kd1 Nxf2+ 0-1

[Event "AUTO-OPEN-399"]
[Site "http://www.queenalice.com/game.php?id=109809"]
[Date "2006.9.25"]
[Round "1"]
[White "reginaldox"]
[Black "mike23"]
[Result "1-0"]
[WhiteElo "1711"]
[BlackElo "1320"]

1. e4 e5 2. f4 exf4 3. Nf3 h5 4. Bc4 Rh6 5. d4 c6 6. Bxf4 Rf6 7. Bg5 Re6 8. Bxd8
Kxd8 9. O-O Rxe4 10. Nc3 Rg4 11. Ne5 Rg5 12. Nxf7+ Ke8 13. Nxg5 Bb4 14. Qxh5+
Kd8 15. Nf7+ Ke7 16. Rae1+ Kf8 17. Nd6+ Nf6 18. Qf7# 1-0

[Event "AUTO-INT-185"]
[Site "http://www.queenalice.com/game.php?id=109918"]
[Date "2006.9.26"]
[Round "1"]
[White "erickeek"]
[Black "mike23"]
[Result "1-0"]
[WhiteElo "1897"]
[BlackElo "1251"]

1. e4 c5 2. Qh5 g6 3. Qxc5 b6 4. Qd5 e6 5. Qxa8 Nc6 6. Nc3 Nh6 7. Be2 Ng4 8.
Bxg4 Nd4 9. Bd1 Qc7 10. Nf3 Qc4 11. Nxd4 e5 12. Nf3 d5 13. exd5 Kd8 14. Nxe5 1-0

[Event "AUTO-INT-185"]
[Site "http://www.queenalice.com/game.php?id=109919"]
[Date "2006.9.26"]
[Round "1"]
[White "mike23"]
[Black "erickeek"]
[Result "0-1"]
[WhiteElo "1249"]
[BlackElo "1899"]

1. e4 d5 2. Bb5+ c6 3. Ba4 b5 4. Bb3 dxe4 5. Qh5 e6 6. Nh3 Nf6 7. Qe5 Bd6 8. Qd4
c5 9. Qe3 c4 10. Bxc4 Na6 11. Nf4 bxc4 12. h4 Nb4 13. Qc3 O-O 14. Rh3 e5 15.
Qxc4 Bxh3 0-1

[Event "AUTO-INT-185"]
[Site "http://www.queenalice.com/game.php?id=109932"]
[Date "2006.9.26"]
[Round "1"]
[White "juleba"]
[Black "mike23"]
[Result "1-0"]
[WhiteElo "1409"]
[BlackElo "1319"]

1. e4 e5 2. d3 a5 3. Be3 Ra6 4. d4 exd4 5. Bxd4 Rd6 6. Nf3 c5 7. e5 Rd5 8. Bc4
Rxd4 9. Nxd4 cxd4 10. Qxd4 Nc6 11. Qe4 Nb4 12. Bb5 Qc7 13. Nc3 f6 14. exf6+ Kf7
15. Bc4+ d5 16. Nxd5 Qc5 17. O-O-O Nxa2+ 18. Bxa2 gxf6 19. Rhe1 Nh6 20. Nb6+ Kg7
21. Nxc8 f5 22. Qxb7+ Kg6 23. Re6+ Kg5 24. h4+ Kh5 25. Rd5 Qb4 26. Qxb4 Ng4 27.
Rxf5+ 1-0

[Event "AUTO-INT-185"]
[Site "http://www.queenalice.com/game.php?id=109933"]
[Date "2006.9.26"]
[Round "1"]
[White "mike23"]
[Black "juleba"]
[Result "0-1"]
[WhiteElo "1345"]
[BlackElo "1416"]

1. e4 e5 2. Qf3 Nf6 3. Qb3 Nxe4 4. f3 Nc5 5. Qc4 d5 6. Qd3 Nxd3+ 7. Bxd3 Qg5 8.
h4 Qxg2 9. Bf1 Qxh1 10. Kf2 Bc5+ 11. Kg3 Bxg1 12. a4 Qh2# 0-1

[Event "AUTO-INT-185"]
[Site "http://www.queenalice.com/game.php?id=109940"]
[Date "2006.9.26"]
[Round "1"]
[White "paulouk"]
[Black "mike23"]
[Result "1-0"]
[WhiteElo "1463"]
[BlackElo "1293"]

1. c4 e5 2. Nc3 Nc6 3. a3 Nf6 4. d3 Bc5 5. b4 Ng4 6. e3 Qf6 7. Qxg4 h5 8. Qh3
Rh6 9. Nd5 Qg5 10. Nxc7+ Kd8 11. Nxa8 b6 12. b5 Rf6 13. Nf3 Qg6 14. bxc6 dxc6
15. Nxe5 Qf5 16. Qxf5 Bxf5 17. d4 Bxd4 18. exd4 Rd6 19. Nxf7+ Ke7 20. Nxd6 Kxd6
21. Be2 a5 22. Nxb6 a4 23. O-O 1-0

[Event "AUTO-INT-185"]
[Site "http://www.queenalice.com/game.php?id=109941"]
[Date "2006.9.26"]
[Round "1"]
[White "mike23"]
[Black "paulouk"]
[Result "0-1"]
[WhiteElo "1307"]
[BlackElo "1451"]

1. e4 g5 2. Qf3 d6 3. Bc4 Nf6 4. Nh3 g4 5. Qa3 gxh3 6. gxh3 Nxe4 7. d3 Nc5 8. d4
Ne4 9. Qb3 d5 10. Bxd5 Nd6 11. Rg1 c6 12. Be4 Nxe4 13. Rg4 Bxg4 14. hxg4 Qxd4
15. Be3 Qe5 16. Qxb7 Nxf2 17. Qxa8 Qxe3+ 18. Kf1 Bh6 19. Qxb8+ Kd7 20. Qxh8 Nxg4
21. Kg2 Qe4+ 22. Kg3 f5 23. h3 Qf4+ 0-1